Estadísticas para Cultura General #6

Haz click aquí para intentar la prueba.

Estadísticas generales

  • Esta prueba ha sido intentada 2.215 veces
  • La puntuación promedio es 8 de 20

Estadísticas de respuestas

PreguntaRespuesta% Correcto
¿De qué país fue Nefertiti una reina?Egipto
82%
¿En qué actividad se puede estar "en pointe", o sea en las puntas de los dedos de pie?Ballet
72%
¿Qué significa "domo arigato"?Gracias
60%
¿Qué desierto grande se puede encontrar en China y Mongolia?Gobi
59%
¿Qué premio se da al mayor goleador de la Copa Mundial?Bota de Oro
58%
¿Qué ciudad francesa rima con un signo ortográfico que se traza horizontalmente?Lyon
57%
Jesús nació en Belén. Pero ¿en qué ciudad creció?Nazaret
57%
¿Qué objeto da el poder de la invencibilidad a Mario?Estrella
55%
¿Quién era la segunda esposa de Enrique VIII?Ana Bolena
45%
¿Quién protagonizó Bella Swan en la película Crepúsculo?Kristen Stewart
43%
¿De qué grupo musical es will.i.am?Black Eyed Peas
42%
¿En qué país se originaron las galletas de la suerte?Estados Unidos
37%
¿De qué clase de números son 8, 27, 64, y 125?{Cubo} Perfecto
33%
¿Qué criatura se conoce como Sasquatch a los pueblos indígenas norteamericanos?Pie Grande
25%
¿Qué idioma importante suena muy similar a urdu, pero se escribe con otra escritura?Hindi
17%
¿Qué deporte utiliza un mazo y unos arcos?Croquet
15%
¿Qué cantante se conoce como "Padrino del Soul"?James Brown
14%
¿Cuál es el edulcorante generalmente usado en Coca-Cola Light?Aspartamo
11%
¿Qué tipo de libro de referencia incluye una lista de sinónimos?Tesauro
7%
¿Quién vivía en Walden Pond?Henry David Thoreau
5%

Distribución de puntuación

Porcentaje por número respondido

Porcentaje de gente con cada puntuación

Historial de tus puntuaciones

No has intentado esta prueba.